Scientists Must Write: a guide to better writing for scientists, engineers and students (Record no. 8246)

MARC details
000 -LEADER
fixed length control field 00631nam a22002297a 4500
003 - CONTROL NUMBER IDENTIFIER
control field OSt
005 - DATE AND TIME OF LATEST TRANSACTION
control field 20231213125545.0
008 - FIXED-LENGTH DATA ELEMENTS--GENERAL INFORMATION
fixed length control field 231213b |||||||| |||| 00| 0 eng d
020 ## - INTERNATIONAL STANDARD BOOK NUMBER
International Standard Book Number 0415269962
040 ## - CATALOGING SOURCE
Transcribing agency DDC
082 ## - DEWEY DECIMAL CLASSIFICATION NUMBER
Classification number 808 BAR 2002
100 ## - MAIN ENTRY--PERSONAL NAME
Personal name Barrass, Robert
9 (RLIN) 16860
245 ## - TITLE STATEMENT
Title Scientists Must Write: a guide to better writing for scientists, engineers and students
250 ## - EDITION STATEMENT
Edition statement 2nd ed.
260 ## - PUBLICATION, DISTRIBUTION, ETC. (IMPRINT)
Place of publication, distribution, etc. London; Routledge, 2002
300 ## - PHYSICAL DESCRIPTION
Extent xvi, 204p; Ill: 21.5cm
504 ## - BIBLIOGRAPHY, ETC. NOTE
Bibliography, etc References, & index included
650 ## - SUBJECT ADDED ENTRY--TOPICAL TERM
Topical term or geographic name as entry element Literature
9 (RLIN) 5843
650 ## - SUBJECT ADDED ENTRY--TOPICAL TERM
Source of heading or term Scientists
650 ## - SUBJECT ADDED ENTRY--TOPICAL TERM
Source of heading or term Engineers
942 ## - ADDED ENTRY ELEMENTS (KOHA)
Source of classification or shelving scheme Other/Generic Classification Scheme
Koha item type Open Shelf
Holdings
Withdrawn status Lost status Source of classification or shelving scheme Damaged status Not for loan Home library Current library Date acquired Source of acquisition Inventory number Total Checkouts Full call number Barcode Date last seen Date last checked out Koha item type
    Dewey Decimal Classification     MUST Main Library MUST Main Library 13/12/2023 Donation 03/20386 1 808 BAR 2002 2023-0739 12/11/2024 22/10/2024 Open Shelf